Compendio de Electrotecnia práctica / (Record no. 133367)

MARC details
000 -LEADER
campo de control de longitud fija 00626nam a2200181 4500
001 - NÚMERO DE CONTROL
campo de control 133367
003 - IDENTIFICADOR DE NÚMERO DE CONTROL
campo de control ES-MaACL
005 - FECHA Y HORA DE LA ÚLTIMA TRANSACCIÓN
campo de control 20230906194404.0
007 - CAMPO FIJO DE DESCRIPCIÓN FÍSICA--INFORMACIÓN GENERAL
campo de control de longitud fija t|
008 - DATOS DE LONGITUD FIJA--INFORMACIÓN GENERAL
campo de control de longitud fija 070214s1960 sp r ||||1| spa d
100 1# - ENTRADA PRINCIPAL--NOMBRE DE PERSONA
Nombre de persona Rudolf, Franz.
9 (RLIN) 100496
245 10 - MENCIÓN DEL TÍTULO
Título Compendio de Electrotecnia práctica /
Mención de responsabilidad, etc. Ing. Franz Rudolf ; traducción... por Antonio Sala Casals ; revisada por Francisco Planell.
260 ## - PUBLICACIÓN, DISTRIBUCIÓN, ETC.
Lugar de publicación, distribución, etc. Barcelona [etc.] :
Nombre del editor, distribuidor, etc. Labor,
Fecha de publicación, distribución, etc. 1960.
300 ## - DESCRIPCIÓN FÍSICA
Extensión XIII, 293 p., 12 lám. :
Otras características físicas il. ;
Dimensiones 22 cm.
700 1# - ENTRADA AGREGADA--NOMBRE PERSONAL
Nombre de persona Sala Casals, Antonio.
9 (RLIN) 101658
700 1# - ENTRADA AGREGADA--NOMBRE PERSONAL
Nombre de persona Planell, Francisco.
9 (RLIN) 92544
852 ## - LOCALIZACIÓN
Ubicación ES-MaACL
Número de control de estantería C-19207
Sublocalización o colección R.46812
Holdings
Estatus retirado Estado de pérdida Estado de daño No para préstamo Biblioteca de origen Biblioteca actual Ubicación en estantería Fecha de adquisición Fuente de adquisición Total de préstamos Signatura topográfica completa Código de barras Visto por última vez Precio de reemplazo Tipo de ítem Koha
        Biblioteca del Ateneo de Madrid Biblioteca del Ateneo de Madrid Galería 17/01/2008     C-19207 1138841 23/02/2023 23/02/2023 Libro impreso